Sixteenth-century English poetry and prose : (Record no. 2974)

MARC details
000 -LEADER
fixed length control field 00799cam a2200217 4500
001 - CONTROL NUMBER
control field 3650
005 - DATE AND TIME OF LATEST TRANSACTION
control field 20181127171658.0
008 - FIXED-LENGTH DATA ELEMENTS--GENERAL INFORMATION
fixed length control field 751201s1976 nyu b 001 0 eng
020 ## - INTERNATIONAL STANDARD BOOK NUMBER
International Standard Book Number 0030851025
245 00 - TITLE STATEMENT
Title Sixteenth-century English poetry and prose :
Remainder of title A selective anthology /
Statement of responsibility, etc. Compiled by Paul Delany, Jeffrey Ford, Robert W. Hanning, with the collaboration of Joyce F. Leana.
260 ## - PUBLICATION, DISTRIBUTION, ETC.
Place of publication, distribution, etc. New York :
Name of publisher, distributor, etc. Holt, Rinehart and Winston,
Date of publication, distribution, etc. c1976.
300 ## - PHYSICAL DESCRIPTION
Extent xi, 563 p. ;
Dimensions 24 cm.
500 ## - GENERAL NOTE
General note Includes index.
504 ## - BIBLIOGRAPHY, ETC. NOTE
Bibliography, etc. note Bibliography: p. 555-557.
Bibliography, etc. note Discography: p. 553-554.
650 #0 - SUBJECT ADDED ENTRY--TOPICAL TERM
Topical term or geographic name entry element English literature
Chronological subdivision Early modern, 1500-1700.
651 #0 - SUBJECT ADDED ENTRY--GEOGRAPHIC NAME
Geographic name England
General subdivision Civilization
Chronological subdivision 16th century
General subdivision Sources.
700 1# - ADDED ENTRY--PERSONAL NAME
Personal name Delany, Paul.
Personal name Ford, Jeffrey.
Personal name Hanning, Robert W.
Holdings
Withdrawn status Lost status Source of classification or shelving scheme Damaged status Not for loan Collection code Home library Current library Shelving location Serial Enumeration / chronology Inventory number Total Checkouts Full call number Barcode Date last seen Price effective from Koha item type
    Dewey Decimal Classification     Main TEST RTC Library RTC Library Main opac 503   820.8 DEL 30005882 27/11/2018 27/11/2018 Main
Royal Thimphu College || All Right Reserved